000 00542nam a2200217Ia 4500
003 OSt
005 20140403155008.0
008 140130s9999 xx 000 0 und d
020 _a0439247683
050 _aPZ 7
_b.M27885Bo 2000
100 _aMaitland, Barbara.
_930861
245 _cBarbara Maitland.
_aThe Bookstore ghost /
260 _bScholastic Inc,
_ac2000.
_cUSA :
300 _a29 p. :
_bill. col. ;
_c18 cm.
440 _v1
_930862
521 _aBR
526 _cBR
942 _cBK
_2lcc
999 _c41461
_d41461